|
|
|
|
| LEADER |
02215nam a2200601 4500 |
| 001 |
ocn898770166 |
| 003 |
OCoLC |
| 005 |
20170124070751.9 |
| 006 |
m o d |
| 007 |
cr cnu---unuuu |
| 008 |
141227t20152015dcu obc 001 0 eng d |
| 040 |
|
|
|a EBLCP
|b eng
|e pn
|e rda
|c EBLCP
|d OCLCO
|d N$T
|d UIU
|d OCLCQ
|d YDXCP
|d E7B
|d OCLCF
|d IDEBK
|d DEBSZ
|d MEU
|d COO
|d IYU
|d OCLCQ
|d DEBBG
|d UPM
|d GrThAP
|
| 020 |
|
|
|a 9781118842324
|q (electronic bk.)
|
| 020 |
|
|
|a 1118842324
|q (electronic bk.)
|
| 020 |
|
|
|a 9781118842379
|q (electronic bk.)
|
| 020 |
|
|
|a 1118842375
|q (electronic bk.)
|
| 020 |
|
|
|z 9781118842348
|
| 020 |
|
|
|z 1118842340
|
| 029 |
1 |
|
|a CHBIS
|b 010442361
|
| 029 |
1 |
|
|a CHVBK
|b 33408766X
|
| 029 |
1 |
|
|a DEBSZ
|b 43187364X
|
| 029 |
1 |
|
|a DEBBG
|b BV043397403
|
| 035 |
|
|
|a (OCoLC)898770166
|
| 043 |
|
|
|a zs-----
|
| 050 |
|
4 |
|a QC809 .M35 2015eb
|
| 072 |
|
7 |
|a SCI
|x 038000
|2 bisacsh
|
| 082 |
0 |
4 |
|a 538.766
|2 23
|
| 049 |
|
|
|a MAIN
|
| 245 |
0 |
0 |
|a Magnetotails in the solar system /
|c Andreas Keiling, Caitríona M. Jackman, Peter A. Delamere, editors.
|
| 264 |
|
1 |
|a Washington, D.C. :
|b American Geophysical Union ;
|a Hoboken, NJ :
|b Wiley,
|c [2015]
|
| 264 |
|
4 |
|c ©2015
|
| 300 |
|
|
|a 1 online resource (420 pages).
|
| 336 |
|
|
|a text
|b txt
|2 rdacontent
|
| 337 |
|
|
|a computer
|b c
|2 rdamedia
|
| 338 |
|
|
|a online resource
|b cr
|2 rdacarrier
|
| 490 |
1 |
|
|a Geophysical monograph series ;
|v v. 207
|
| 546 |
|
|
|a Text in English.
|
| 504 |
|
|
|a Includes bibliographical references and index.
|
| 650 |
|
0 |
|a Magnetotails.
|
| 650 |
|
0 |
|a Planets.
|
| 650 |
|
7 |
|a SCIENCE
|x Physics
|x Magnetism.
|2 bisacsh
|
| 650 |
|
7 |
|a Magnetotails.
|2 fast
|0 (OCoLC)fst01005911
|
| 650 |
|
7 |
|a Planets.
|2 fast
|0 (OCoLC)fst01065127
|
| 651 |
|
0 |
|a Solar system.
|
| 651 |
|
7 |
|a Solar system.
|2 fast
|0 (OCoLC)fst01244288
|
| 655 |
|
4 |
|a Electronic books.
|
| 700 |
1 |
|
|a Keiling, Andreas,
|e editor.
|
| 700 |
1 |
|
|a Jackman, Caitríona M.,
|e editor.
|
| 700 |
1 |
|
|a Delamere, Peter A.,
|e editor.
|
| 776 |
0 |
8 |
|i Print version:
|a Keiling, Andreas.
|t Magnetotails in the Solar System.
|d Hoboken : Wiley, ©2014
|z 9781118842348
|
| 830 |
|
0 |
|a Geophysical monograph ;
|v 207.
|
| 856 |
4 |
0 |
|u https://doi.org/10.1002/9781118842324
|z Full Text via HEAL-Link
|
| 994 |
|
|
|a 92
|b DG1
|